| 000 | nam a22 a 4500 | ||
|---|---|---|---|
| 999 |
_c2931 _d2931 |
||
| 005 | 20170518163204.0 | ||
| 008 | 170518b1985 enk||||| |||| 00| 0 eng d | ||
| 020 | _a0471871419 | ||
| 040 | _aAKMAL | ||
| 082 | _a658 SCH | ||
| 090 |
_a658 _bSCH |
||
| 100 |
_aSchermerhorn, John R. _96136 |
||
| 245 |
_aManaging organizational behavior / _cJohn R. Schermerhorn, James G. Hunt, Richard N. Osborn. |
||
| 250 | _a2nd ed | ||
| 260 |
_aNew York _aChichester _bWiley _cc1985. |
||
| 300 |
_a 1 v. (various pagings) _bill(some col.) _c24cm |
||
| 490 | _aWiley series in management | ||
| 500 | _aPrevious ed.: 1982. | ||
| 500 | _aIncludes index. | ||
| 650 |
_aOrganizational behavior. _9565 |
||
| 650 |
_aManagement. _91462 |
||
| 700 |
_aHunt, James G. _d1932- _q(James Gerald) _96137 |
||
| 700 |
_aOsborn, Richard. _96138 |
||
| 942 |
_2ddc _cBOOK |
||